000 00888nas1a22002171i 4500
001 rc\1027645
005 20260407023538.0
035 _a(NLR Aleph) 006248265
090 _a6728477
_c6728477
100 _a20041129a19819999u |0rusy50 ca
101 0 _arus
102 _aRU
200 1 _aФинансовые показатели работы по предприятиям и организациям объединения "Союзуглемаш"
_fВсесоюз. пром. об-ние заводов угол. машиностроения "Союзуглемаш"
210 _aМ.
_d1981-
300 _aВ надзаг. также: М-во угол. пром-сти СССР
333 _aДСП
710 0 2 _a"Союзуглемаш", объединение
_3RU\NLR\AUTH\8810008968
_9515674
801 0 _aRU
_bNLR
_gpsbo
801 1 _aRU
_bELAR
_2rusmarc
852 _aNLR
_jП22/5212
942 _cSE